000 00562nam a2200217Ia 4500
003 OSt
005 20220928143221.0
006 a|||||r|||| 00| 0
007 ta
008 220927b |||||||| |||| 00| 0 eng d
024 _a21407
037 _cTextual
040 _aSDCL
_cSDCL
_beng
041 _2eng
_aeng
082 _aB7:391p1,N80, M0
100 _aBrebbia C A
_9504869
245 0 _aNew developments in boundaty element methods.
260 _c1980
942 _hB7:391p1,N80, M0
_cTEXL
_2CC
999 _c823446
_d823446